00210nam a22000857a 4500082002700000100001600027245003600043526003700079650000800116 a628.1bMACcL-23, P-55 aMichael A M awater well and pump engineering a0b0c0d628_100000000000000_MAC aMCE